| 000 | 01282cam a2200205 4500 | ||
|---|---|---|---|
| 001 | ABS65554 | ||
| 008 | 020612n2002 000 0 eng u | ||
| 035 | _a(Sirsi) u118391 | ||
| 100 | _aMarshall, T. | ||
| 245 | 4 | _aThe re-timing of English regional planning | |
| 260 | _c2002 | ||
| 490 |
_aTown Planning Review _v73(2) April 2002, 171-195(25) |
||
| 520 | _aArgues that the new regional planning regime incorporated in Planning Policy Guidance (PPG) Note 11 creates new pressures which can rebalance the play of interests and debate. This may work against the weaker interests in each region. The implications of changes in time dimensions of the process are explored as a perhaps neglected, but in some respects central, feature of the system. Evidence is taken from a study of two regional planning processes, that in the South West, which was undertaken partly under pre-PPG 11 arrangements and partly afterwards, and that in the West Midlands, which was fully in the PPG 11 era. Some use is also made of information on progress in the South East, East Anglian and East Midlands regions. [Taken from journal abstract]. | ||
| 590 | _aABS | ||
| 650 | _aENGLAND | ||
| 650 | _aPLANNING PROCESS | ||
| 650 | _aPPG11 | ||
| 690 |
_aPlanning and development _96259 |
||
| 942 | _n0 | ||
| 999 |
_c70472 _d70472 |
||